[Event "Tata Steel India Blitz"]
[Site "Kolkata IND"]
[Date "2018.11.13"]
[Round "1.1"]
[White "Aronian, Levon"]
[Black "Vidit, Santosh Gujrathi"]
[Result "1/2-1/2"]
[WhiteTitle "GM"]
[BlackTitle "GM"]
[WhiteElo "2765"]
[BlackElo "2702"]
[WhiteFideId "13300474"]
[BlackFideId "5029465"]
[EventDate "2018.11.13"]

1. e4 e5 2. Nf3 Nc6 3. Bc4 Bc5 4. c3 Nf6 5. d4 exd4 6. e5 d5 7. Bb5 Ne4 8. cxd4
Bb6 9. Nc3 O-O 10. Be3 Bg4 11. h3 Bh5 12. Qc2 Bg6 13. Qb3 Ne7 14. O-O c6 15. Bd3
Nd2 16. Bxd2 Bxd3 17. Rfe1 Bg6 18. Na4 Be4 19. Nxb6 axb6 20. Bb4 Re8 21. Bxe7
Rxe7 22. Nd2 Bg6 23. Qc3 c5 24. dxc5 Rc8 25. b4 bxc5 26. bxc5 b6 27. c6 Rec7 28.
Nf3 Rxc6 29. Qe3 Rc3 30. Qe2 Bh5 31. g4 Bg6 32. e6 Be4 33. exf7+ Kxf7 34. Ne5+
Kg8 35. f3 Qf6 36. Qh2 Bxf3 37. Rf1 Re3 38. Rae1 Rxe1 39. Rxe1 Be4 40. Rf1 Qe7
41. Qf4 h6 42. Rf2 Re8 43. Nc6 Qd7 44. Nd4 Bg6 45. Nf3 Qe6 46. Qc7 Qe3 47. Qc6
Bf7 48. Kf1 Qc5 49. Qd7 Re7 50. Qf5 d4 51. Rd2 Bc4+ 52. Kf2 d3+ 53. Qxc5 bxc5
54. Ne1 Rd7 55. Ke3 Re7+ 56. Kf2 Ra7 57. Nxd3 Bxd3 58. Rxd3 Rxa2+ 59. Ke3 c4 60.
Rc3 Ra4 61. Kd4 Kf7 62. Kc5 Kg6 63. Kb5 Ra8 64. Rxc4 Rb8+ 65. Ka4 Kg5 66. Rc7 g6
67. Rc6 Rg8 68. Kb3 Kh4 69. Rc3 Rd8 70. Rc6 Rg8 71. Rc3 h5 72. gxh5 gxh5 73. Kc2
Rg2+ 74. Kd1 Rg3 75. Rxg3 Kxg3 76. Ke2 Kxh3 77. Kf1 1/2-1/2

[Event "Tata Steel India Blitz"]
[Site "Kolkata IND"]
[Date "2018.11.13"]
[Round "1.2"]
[White "So, Wesley"]
[Black "Anand, Viswanathan"]
[Result "1/2-1/2"]
[WhiteTitle "GM"]
[BlackTitle "GM"]
[WhiteElo "2765"]
[BlackElo "2773"]
[WhiteFideId "5202213"]
[BlackFideId "5000017"]
[EventDate "2018.11.13"]

1. e4 e5 2. Nf3 Nc6 3. Bb5 a6 4. Ba4 Nf6 5. O-O Nxe4 6. d4 b5 7. Bb3 d5 8. dxe5
Be6 9. Nbd2 Be7 10. c3 O-O 11. Bc2 f5 12. Nb3 Qd7 13. Qe1 Bf7 14. Nbd4 Nd8 15.
b4 Bh5 16. Bb2 Bxf3 17. Nxf3 Ne6 18. Rd1 c6 19. a4 Qc7 20. Nd4 Nxd4 21. cxd4 Ng5
22. Bc3 g6 23. Qe2 Qd7 24. Ra1 Ne6 25. f4 a5 26. axb5 axb4 27. Bb2 cxb5 28. Bb3
Rxa1 29. Rxa1 Rc8 30. g3 Rc4 31. Qd2 Qb7 32. h3 Qb6 33. Kh1 Qb7 34. g4 Ng7 35.
Kh2 Kf7 36. Qg2 Ke6 37. Ra5 Bd8 38. Ra1 Be7 39. Ra5 Bd8 40. Ra1 Be7 1/2-1/2

[Event "Tata Steel India Blitz"]
[Site "Kolkata IND"]
[Date "2018.11.13"]
[Round "1.3"]
[White "Mamedyarov, Shakhriyar"]
[Black "Karjakin, Sergey"]
[Result "1/2-1/2"]
[WhiteTitle "GM"]
[BlackTitle "GM"]
[WhiteElo "2817"]
[BlackElo "2753"]
[WhiteFideId "13401319"]
[BlackFideId "14109603"]
[EventDate "2018.11.13"]

1. d4 Nf6 2. c4 e6 3. Nf3 d5 4. Bg5 Nbd7 5. e3 h6 6. Bh4 Be7 7. Qc2 O-O 8. cxd5
Nxd5 9. Bxe7 Qxe7 10. Bc4 N5f6 11. Nc3 c5 12. O-O cxd4 13. Nxd4 Ne5 14. Be2 Bd7
15. Qb3 Rab8 16. a4 Rfc8 17. a5 Nc6 18. Rfd1 Nxd4 19. Rxd4 Bc6 20. Bb5 a6 21.
Bxc6 Rxc6 22. h3 Qc7 23. Qb4 b6 24. Rd2 bxa5 25. Qxa5 Qxa5 26. Rxa5 Kf8 27. Kf1
Ke7 28. Ra4 1/2-1/2

[Event "Tata Steel India Blitz"]
[Site "Kolkata IND"]
[Date "2018.11.13"]
[Round "1.4"]
[White "Nakamura, Hikaru"]
[Black "Ganguly, Surya Shekhar"]
[Result "1-0"]
[WhiteTitle "GM"]
[BlackTitle "GM"]
[WhiteElo "2746"]
[BlackElo "2615"]
[WhiteFideId "2016192"]
[BlackFideId "5002150"]
[EventDate "2018.11.13"]

1. Nf3 d5 2. e3 Nf6 3. c4 e6 4. b3 b6 5. Bb2 Bb7 6. cxd5 exd5 7. Nc3 Nbd7 8. Rc1
a6 9. d4 Bd6 10. g3 O-O 11. Bg2 Qe7 12. O-O Rfe8 13. Nd2 Rad8 14. Qc2 c5 15.
dxc5 bxc5 16. Rfd1 Nb6 17. Nf3 Bb8 18. Ba3 Rc8 19. Ne2 Ne4 20. Nc3 Qf6 21. Nxe4
dxe4 22. Nd2 Qe6 23. Bxc5 Nd7 24. b4 Bd5 25. Nxe4 Bxe4 26. Bxe4 Nxc5 27. Bf5 Ne4
28. Qxc8 1-0

[Event "Tata Steel India Blitz"]
[Site "Kolkata IND"]
[Date "2018.11.13"]
[Round "1.5"]
[White "Harikrishna, Pentala"]
[Black "Praggnanandhaa, R"]
[Result "1-0"]
[WhiteTitle "GM"]
[BlackTitle "GM"]
[WhiteElo "2729"]
[BlackElo "2530"]
[WhiteFideId "5007003"]
[BlackFideId "25059530"]
[EventDate "2018.11.13"]

1. e4 c6 2. Nf3 d5 3. Nc3 Bg4 4. h3 Bxf3 5. Qxf3 e6 6. Be2 Bc5 7. O-O Nd7 8. Qg3
Bd4 9. exd5 exd5 10. Qg4 Qf6 11. d3 h5 12. Qf4 Qxf4 13. Bxf4 O-O-O 14. Rfe1 Bf6
15. Bd2 Ne7 16. Nd1 Nf5 17. c3 g6 18. d4 Rde8 19. Ne3 Nd6 20. Rad1 Re6 21. b3
Ne4 22. c4 Bxd4 23. cxd5 cxd5 24. Bc1 Bc3 25. Rf1 d4 26. Nd5 Re5 27. Nf4 Rhe8
28. Bd3 Nd6 29. Ba3 Nc5 30. Bxc5 Rxc5 31. h4 Rce5 32. a3 a5 33. g3 Kd7 34. Kg2
Nb5 35. a4 Nd6 36. Rb1 Kc7 37. Rbc1 Kb6 38. Rc2 Ka7 39. Re2 Kb6 40. Rxe5 Rxe5
41. Rb1 Kc5 42. Bf1 Re7 43. Nd3+ Kb6 44. Nf4 Re5 45. Nd3 Re8 46. Nf4 Rc8 47. Nd3
Bd2 48. Rd1 Rc2 49. Ne5 Bc3 50. Bd3 Rb2 51. Nc4+ Nxc4 52. Bxc4 f6 53. Bf7 g5 54.
g4 gxh4 55. gxh5 Bd2 56. Rxd2 Rxd2 57. h6 Rc2 58. h7 Rc8 59. Bg8 d3 60. h8=Q d2
61. Qxf6+ 1-0

[Event "Tata Steel India Blitz"]
[Site "Kolkata IND"]
[Date "2018.11.13"]
[Round "2.1"]
[White "Vidit, Santosh Gujrathi"]
[Black "So, Wesley"]
[Result "1/2-1/2"]
[WhiteTitle "GM"]
[BlackTitle "GM"]
[WhiteElo "2702"]
[BlackElo "2765"]
[WhiteFideId "5029465"]
[BlackFideId "5202213"]
[EventDate "2018.11.13"]

1. d4 d5 2. Nf3 Nf6 3. c4 dxc4 4. e3 e6 5. Bxc4 c5 6. O-O Nc6 7. Nc3 a6 8. dxc5
Bxc5 9. Qxd8+ Kxd8 10. Bd2 Ke7 11. Rac1 Bd7 12. Bd3 Bd6 13. Na4 Nb4 14. Bxb4
Bxb4 15. Nb6 Rab8 16. Ne5 Bd6 17. Nexd7 Nxd7 18. Nxd7 Kxd7 19. Be4 a5 20. Rfd1
Rhc8 21. Kf1 b6 22. g3 h5 23. Ke2 Rxc1 24. Rxc1 Rc8 25. Rxc8 Kxc8 1/2-1/2

[Event "Tata Steel India Blitz"]
[Site "Kolkata IND"]
[Date "2018.11.13"]
[Round "2.2"]
[White "Praggnanandhaa, R"]
[Black "Aronian, Levon"]
[Result "0-1"]
[WhiteTitle "GM"]
[BlackTitle "GM"]
[WhiteElo "2530"]
[BlackElo "2765"]
[WhiteFideId "25059530"]
[BlackFideId "13300474"]
[EventDate "2018.11.13"]

1. e4 e5 2. Nf3 Nc6 3. Bb5 a6 4. Bxc6 dxc6 5. O-O Be7 6. d3 f6 7. Be3 Bg4 8.
Nbd2 g5 9. b4 Nh6 10. Qb1 Nf7 11. a4 Qd7 12. b5 axb5 13. axb5 Rxa1 14. bxc6 Rxb1
15. cxd7+ Kxd7 16. Rxb1 b6 17. Ra1 Nd6 18. Ne1 Nb5 19. Nb3 Nc3 20. d4 Ne2+ 21.
Kf1 exd4 22. Nxd4 Nxd4 23. Bxd4 Rc8 24. Nd3 c5 25. Bc3 Be6 26. Ke2 b5 27. f4 b4
28. Be1 Rb8 29. Ra7+ Ke8 30. fxg5 fxg5 31. Bg3 Rc8 32. Be1 Bd7 33. Kd1 Bc6 34.
Nf2 c4 35. Kc1 c3 36. e5 Bxg2 37. Ng4 Ra8 38. Rxa8+ Bxa8 39. Nf6+ Kf7 40. Nxh7
Ke6 41. Bg3 b3 42. Nf6 Bd5 43. Nxd5 b2+ 44. Kb1 Kxd5 45. Be1 Bb4 46. Bg3 g4 47.
Bf4 Bc5 48. Bg3 Bd4 49. Be1 Bxe5 0-1

[Event "Tata Steel India Blitz"]
[Site "Kolkata IND"]
[Date "2018.11.13"]
[Round "2.3"]
[White "Nakamura, Hikaru"]
[Black "Harikrishna, Pentala"]
[Result "1-0"]
[WhiteTitle "GM"]
[BlackTitle "GM"]
[WhiteElo "2746"]
[BlackElo "2729"]
[WhiteFideId "2016192"]
[BlackFideId "5007003"]
[EventDate "2018.11.13"]

1. Nf3 d5 2. e3 Nf6 3. c4 c6 4. d4 Bf5 5. Nc3 e6 6. Nh4 Be4 7. f3 Bg6 8. Qb3 Qb6
9. Nxg6 hxg6 10. Bd2 Nbd7 11. O-O-O Qxb3 12. axb3 Be7 13. Bd3 Rc8 14. Kb1 a6 15.
Ne2 c5 16. cxd5 Nxd5 17. Rc1 O-O 18. e4 N5f6 19. Rhd1 cxd4 20. Nxd4 Rxc1+ 21.
Rxc1 Rd8 22. Ba5 Re8 23. Be2 g5 24. Rd1 Rc8 25. Bc3 Nc5 26. Bd2 g4 27. e5 Nfd7
28. f4 g3 29. hxg3 Nb6 30. Bf3 Nd5 31. b4 Nd3 32. Bxd5 exd5 33. Nf5 Bf8 34. Bc3
Nxb4 35. Bxb4 Bxb4 36. Rxd5 g6 37. Nh6+ Kg7 38. Ng4 Rc7 39. Nf6 Rc8 40. Rd7 b5
41. Nd5 Bc5 42. e6 1-0

[Event "Tata Steel India Blitz"]
[Site "Kolkata IND"]
[Date "2018.11.13"]
[Round "2.4"]
[White "Ganguly, Surya Shekhar"]
[Black "Karjakin, Sergey"]
[Result "1-0"]
[WhiteTitle "GM"]
[BlackTitle "GM"]
[WhiteElo "2615"]
[BlackElo "2753"]
[WhiteFideId "5002150"]
[BlackFideId "14109603"]
[EventDate "2018.11.13"]

1. e4 e5 2. Nf3 Nc6 3. Bb5 a6 4. Ba4 Nf6 5. O-O Be7 6. d3 b5 7. Bb3 d6 8. Bd2
O-O 9. Re1 Bb7 10. a4 Nb8 11. axb5 axb5 12. Rxa8 Bxa8 13. Nc3 c6 14. d4 Nbd7 15.
Bg5 Qc7 16. Qe2 Re8 17. h3 Bf8 18. d5 b4 19. dxc6 bxc3 20. cxd7 Nxd7 21. bxc3 h6
22. Bd2 Nf6 23. Qd3 d5 24. Nh4 Nxe4 25. Bxd5 Nc5 26. Qb5 Rb8 27. Bxf7+ Kxf7 28.
Qc4+ Ne6 29. Qg4 Nf4 30. Bxf4 Qc6 31. Bxe5 Re8 32. Nf3 Kg8 33. Rd1 Re7 34. Rd6
Qe8 35. Qc4+ Kh7 36. Qd3+ Kg8 37. Rd8 Qc6 38. Bd6 Rf7 39. Bxf8 Rxf8 40. Rxf8+
Kxf8 41. Qd8+ Qe8 42. Qd6+ Kg8 43. Ne5 Be4 44. f3 Bxc2 45. c4 Qa4 46. c5 Qb4 47.
Ng4 Kh7 48. Qd5 Qc3 49. Qe5 Qb4 50. Kh2 Qb5 51. Kg3 Qc6 52. Qd6 Qe8 53. Ne5 Qh5
54. Qe7 Qf5 55. c6 Bb3 56. c7 Be6 57. Qd6 Qg5+ 58. Kf2 Qh4+ 59. Kg1 Qe1+ 60. Kh2
Bf5 61. Nc4 Qc1 62. Nb6 Qc2 63. Qe5 Kg6 64. Nd5 Kf7 65. Qe7+ Kg6 66. Ne3 Qc1 67.
Qd6+ 1-0

[Event "Tata Steel India Blitz"]
[Site "Kolkata IND"]
[Date "2018.11.13"]
[Round "2.5"]
[White "Anand, Viswanathan"]
[Black "Mamedyarov, Shakhriyar"]
[Result "1/2-1/2"]
[WhiteTitle "GM"]
[BlackTitle "GM"]
[WhiteElo "2773"]
[BlackElo "2817"]
[WhiteFideId "5000017"]
[BlackFideId "13401319"]
[EventDate "2018.11.13"]

1. e4 e5 2. Nf3 Nc6 3. Bb5 a6 4. Ba4 Nf6 5. d3 b5 6. Bb3 Bc5 7. c3 O-O 8. Bg5 h6
9. Bh4 Be7 10. Nbd2 d6 11. Bg3 Na5 12. Bc2 c5 13. O-O Nc6 14. h3 Be6 15. Re1 Nd7
16. Nf1 Nb6 17. Ne3 Re8 18. a4 Rb8 19. axb5 axb5 20. Nd2 c4 21. dxc4 Nxc4 22.
Ndxc4 bxc4 23. Ba4 Qc8 24. Qe2 Rd8 25. Nxc4 Nd4 26. cxd4 Bxc4 27. Qd1 exd4 28.
b3 Be6 29. Rc1 Qa6 30. Qxd4 Bxb3 31. Bxb3 Rxb3 32. Rc7 Qa5 33. Rec1 Rb1 34. Rxb1
Qxc7 35. Qd5 Rb8 36. Rxb8+ 1/2-1/2

[Event "Tata Steel India Blitz"]
[Site "Kolkata IND"]
[Date "2018.11.13"]
[Round "3.1"]
[White "So, Wesley"]
[Black "Praggnanandhaa, R"]
[Result "1/2-1/2"]
[WhiteTitle "GM"]
[BlackTitle "GM"]
[WhiteElo "2765"]
[BlackElo "2530"]
[WhiteFideId "5202213"]
[BlackFideId "25059530"]
[EventDate "2018.11.13"]

1. c4 e5 2. Nc3 Bb4 3. Nd5 Bc5 4. Nf3 c6 5. Nc3 d6 6. g3 Nf6 7. d4 exd4 8. Nxd4
O-O 9. Bg2 h6 10. O-O Nbd7 11. b3 Ne5 12. Bb2 Bb6 13. Qd2 Re8 14. Rad1 a5 15.
Nc2 Bc7 16. Ba3 Re6 17. f4 Ned7 18. e4 a4 19. b4 Re8 20. Ne3 Nf8 21. Kh1 Ng4 22.
Nc2 Be6 23. h3 Nf6 24. Ne3 Bb6 25. Nf5 Bxf5 26. exf5 Qc7 27. Qxd6 Qxd6 28. Rxd6
Re3 29. Rf3 Re1+ 30. Bf1 Rae8 31. c5 Bc7 32. Rd2 b6 33. cxb6 Bxb6 34. Kg2 Be3
35. Rd1 Rxd1 36. Nxd1 Ba7 37. Bc4 N8d7 38. Rf1 Nb6 39. Bd3 Rd8 40. Nb2 Nbd5 41.
Rc1 Bd4 42. Nd1 Re8 43. Rc4 Re1 44. Rxd4 Rxd1 45. Kf3 Rd2 46. g4 Rxa2 47. Bc1
Ra1 48. Bb2 Ra2 49. Bc1 Ra1 50. Bb2 Ra2 51. Bc1 Ra1 52. Bb2 1/2-1/2

[Event "Tata Steel India Blitz"]
[Site "Kolkata IND"]
[Date "2018.11.13"]
[Round "3.2"]
[White "Mamedyarov, Shakhriyar"]
[Black "Vidit, Santosh Gujrathi"]
[Result "1-0"]
[WhiteTitle "GM"]
[BlackTitle "GM"]
[WhiteElo "2817"]
[BlackElo "2702"]
[WhiteFideId "13401319"]
[BlackFideId "5029465"]
[EventDate "2018.11.13"]

1. d4 Nf6 2. c4 e6 3. Nc3 Bb4 4. f3 d5 5. a3 Bxc3+ 6. bxc3 c5 7. cxd5 Nxd5 8.
dxc5 Qa5 9. e4 Nc7 10. Be3 O-O 11. Kf2 Nba6 12. Qd6 Qxc3 13. Rc1 Qxa3 14. Nh3 e5
15. Qxe5 Bxh3 16. gxh3 Rae8 17. Qc3 Qxc3 18. Rxc3 f5 19. c6 b5 20. exf5 Rxf5 21.
Bxa7 Nb4 22. Rg1 Nbd5 23. Rb3 Re6 24. Bd3 Rf4 25. Bxb5 Nxb5 26. Rxb5 Nc7 27.
Rb8+ Kf7 28. Rc1 Kg6 29. Rb7 Rf7 30. Bb8 Ree7 31. Rxc7 Rxc7 32. Bxc7 Rxc7 33.
Ke3 Kh5 34. Rc4 g5 35. Kd3 Kg6 36. Kd4 Kf5 1-0

[Event "Tata Steel India Blitz"]
[Site "Kolkata IND"]
[Date "2018.11.13"]
[Round "3.3"]
[White "Karjakin, Sergey"]
[Black "Anand, Viswanathan"]
[Result "1-0"]
[WhiteTitle "GM"]
[BlackTitle "GM"]
[WhiteElo "2753"]
[BlackElo "2773"]
[WhiteFideId "14109603"]
[BlackFideId "5000017"]
[EventDate "2018.11.13"]

1. e4 e5 2. Nf3 Nc6 3. Bb5 Nf6 4. d3 Bc5 5. O-O Nd4 6. Nxd4 Bxd4 7. c3 Bb6 8.
Ba4 O-O 9. Bg5 c6 10. Nd2 d6 11. Kh1 h6 12. Bh4 g5 13. Bg3 Be6 14. Bb3 Qe7 15.
a4 Nd7 16. a5 Bc7 17. d4 Nf6 18. Re1 Rad8 19. f3 Nh5 20. Bf2 Nf4 21. Bg1 d5 22.
exd5 Bxd5 23. Qc2 Qe6 24. c4 Nxg2 25. cxd5 Nxe1 26. Rxe1 Qf6 27. a6 bxa6 28.
dxc6 exd4 29. Kg2 d3 30. Qc3 Qxc3 31. bxc3 Bf4 32. Ne4 Rb8 33. Nc5 Rfc8 34. Bd5
Rb2+ 35. Kf1 d2 36. Rd1 Rc2 37. Ne4 Rb8 38. Ke2 Rc1 39. Nxd2 Rb2 40. Be3 Rxc3
41. Bxf4 gxf4 42. Ke1 Re3+ 43. Kf1 1-0

[Event "Tata Steel India Blitz"]
[Site "Kolkata IND"]
[Date "2018.11.13"]
[Round "3.4"]
[White "Harikrishna, Pentala"]
[Black "Ganguly, Surya Shekhar"]
[Result "1-0"]
[WhiteTitle "GM"]
[BlackTitle "GM"]
[WhiteElo "2729"]
[BlackElo "2615"]
[WhiteFideId "5007003"]
[BlackFideId "5002150"]
[EventDate "2018.11.13"]

1. e4 c6 2. d4 d5 3. exd5 cxd5 4. Bd3 Nc6 5. c3 e6 6. Ne2 g6 7. Nd2 Bg7 8. Nf3
Nge7 9. h4 f6 10. h5 e5 11. h6 Bf8 12. dxe5 fxe5 13. Bc2 Bf5 14. Bg5 Qd6 15. Ng3
Bxc2 16. Qxc2 O-O-O 17. O-O-O Qc7 18. Bf6 Rg8 19. Ng5 Qd6 20. N3e4 Qb8 21. Nxh7
dxe4 22. Rxd8+ Kxd8 23. Nxf8 1-0

[Event "Tata Steel India Blitz"]
[Site "Kolkata IND"]
[Date "2018.11.13"]
[Round "3.5"]
[White "Aronian, Levon"]
[Black "Nakamura, Hikaru"]
[Result "1/2-1/2"]
[WhiteTitle "GM"]
[BlackTitle "GM"]
[WhiteElo "2765"]
[BlackElo "2746"]
[WhiteFideId "13300474"]
[BlackFideId "2016192"]
[EventDate "2018.11.13"]

1. d4 Nf6 2. Nf3 e6 3. g3 c5 4. Bg2 cxd4 5. O-O d5 6. Nxd4 e5 7. Nb3 Be7 8. Qd3
Nc6 9. Rd1 Be6 10. Bg5 e4 11. Qb5 a6 12. Qxb7 Nb4 13. Bxf6 gxf6 14. Bxe4 Rb8 15.
Qa7 Rb6 16. c4 Nc6 17. Qxb6 Qxb6 18. cxd5 Ne5 19. dxe6 fxe6 20. N1d2 f5 21. Bf3
O-O 22. Rac1 Rd8 23. Kg2 Qb5 24. Nb1 Rxd1 25. Rxd1 Bb4 26. Rc1 Qb6 27. Nc3 Bxc3
28. Rxc3 a5 29. Rc5 Nxf3 30. exf3 a4 31. Rc8+ Kf7 32. Nc5 Qb5 33. Rc7+ Ke8 34.
b3 a3 35. Nxe6 Qe2 36. Nd4 Qxa2 37. Nb5 Qxb3 38. Nxa3 Qxa3 1/2-1/2

[Event "Tata Steel India Blitz"]
[Site "Kolkata IND"]
[Date "2018.11.13"]
[Round "4.1"]
[White "Praggnanandhaa, R"]
[Black "Mamedyarov, Shakhriyar"]
[Result "0-1"]
[WhiteTitle "GM"]
[BlackTitle "GM"]
[WhiteElo "2530"]
[BlackElo "2817"]
[WhiteFideId "25059530"]
[BlackFideId "13401319"]
[EventDate "2018.11.13"]

1. e4 e5 2. Nf3 Nc6 3. Bc4 Nf6 4. d3 h6 5. O-O d6 6. c3 g5 7. Re1 g4 8. Nfd2 h5
9. d4 h4 10. Nf1 Bg7 11. Bg5 Rh5 12. Qc1 Qe7 13. Bd5 Bd7 14. b4 exd4 15. b5 Ne5
16. Rd1 c6 17. bxc6 bxc6 18. Bb3 d3 19. Qe3 h3 20. Ng3 Rh7 21. f4 gxf3 22. gxf3
Nfg4 23. fxg4 Qxg5 24. Qxg5 Nf3+ 25. Kf1 Nxg5 26. Rxd3 Bxg4 27. Nd2 Be5 28. Nc4
Rh6 29. Nxe5 dxe5 30. Kg1 Rd8 31. Rxd8+ Kxd8 32. Bd1 Bd7 33. Kf2 c5 34. Ke3 Kc7
35. Bb3 Rf6 36. Rf1 Rxf1 37. Nxf1 a5 38. Bd5 Bc6 39. c4 a4 40. Nd2 Bd7 41. Nb1
Kd6 42. Nc3 Ke7 43. Bb7 Nh7 44. Ba6 Nf6 45. Kf3 Ng4 46. Kg3 Ne3 47. Bb5 Be6 48.
Bxa4 Nf1+ 49. Kf2 Nxh2 50. Bd1 Bxc4 51. Kg3 Nf1+ 52. Kxh3 Nd2 53. Bc2 Nf1 54.
Ba4 Bd3 55. Kg2 Nd2 56. Bc6 Kd6 57. Bd5 Bc4 58. Bb7 Kc7 59. Ba8 Kb6 60. Kf2 Ka5
61. a3 Be6 62. Bc6 Nc4 63. a4 Kb4 64. Na2+ Ka3 65. Nc1 Na5 66. Bb5 c4 67. Ke2 c3
68. Kd1 Kb2 69. Nd3+ Kb1 70. Ke2 Bc4 71. Bxc4 Nxc4 72. a5 Nxa5 73. Nxe5 c2 74.
Nd3 Nc4 0-1

[Event "Tata Steel India Blitz"]
[Site "Kolkata IND"]
[Date "2018.11.13"]
[Round "4.2"]
[White "Nakamura, Hikaru"]
[Black "So, Wesley"]
[Result "1-0"]
[WhiteTitle "GM"]
[BlackTitle "GM"]
[WhiteElo "2746"]
[BlackElo "2765"]
[WhiteFideId "2016192"]
[BlackFideId "5202213"]
[EventDate "2018.11.13"]

1. Nf3 c5 2. b3 Nf6 3. e3 g6 4. Bb2 Bg7 5. c4 O-O 6. Be2 b6 7. O-O Bb7 8. d4
cxd4 9. Nxd4 d5 10. Na3 Nc6 11. Nxc6 Bxc6 12. Bf3 Rc8 13. cxd5 Nxd5 14. Bxg7
Kxg7 15. Rc1 Nb4 16. Bxc6 Nxc6 17. Qe2 Qd6 18. Nb5 Qf6 19. h3 Rfd8 20. Rfd1
Rxd1+ 21. Qxd1 Rd8 22. Qf3 Qxf3 23. gxf3 Ne5 24. f4 Nf3+ 25. Kg2 Nh4+ 26. Kf1
Rd7 27. Rc7 Rxc7 28. Nxc7 Nf3 29. Ke2 Ng1+ 30. Kf1 Nf3 31. Nb5 a5 32. Ke2 Ng1+
33. Kf1 Nf3 34. Nc7 e6 35. Ke2 Ng1+ 36. Kf1 Nf3 37. Na8 b5 38. Ke2 Ng1+ 39. Kf1
Nf3 40. Nc7 b4 41. Ne8+ Kf8 42. Nd6 Nd2+ 43. Ke2 Nb1 44. Nc4 Nc3+ 45. Kd3 Nxa2
46. Nxa5 Ke7 47. Kc4 Kd7 48. Nb7 Nc3 49. Nc5+ Kc6 50. Nd3 Nd1 51. Nxb4+ Kd6 52.
Nd3 f6 53. b4 g5 54. fxg5 fxg5 55. Kb3 h5 56. Kc2 g4 57. Kxd1 gxh3 1-0

[Event "Tata Steel India Blitz"]
[Site "Kolkata IND"]
[Date "2018.11.13"]
[Round "4.3"]
[White "Harikrishna, Pentala"]
[Black "Aronian, Levon"]
[Result "1-0"]
[WhiteTitle "GM"]
[BlackTitle "GM"]
[WhiteElo "2729"]
[BlackElo "2765"]
[WhiteFideId "5007003"]
[BlackFideId "13300474"]
[EventDate "2018.11.13"]

1. e4 e5 2. Nf3 Nc6 3. Bb5 a6 4. Ba4 Nf6 5. O-O Be7 6. Re1 b5 7. Bb3 O-O 8. d4
Nxd4 9. Nxd4 exd4 10. e5 Ne8 11. c3 dxc3 12. Nxc3 Bb7 13. Bf4 c5 14. Qg4 d5 15.
Bxd5 Bxd5 16. Rad1 Qc8 17. Qxc8 Rxc8 18. Nxd5 Bd8 19. h3 Rc6 20. Nb4 cxb4 21.
Rxd8 Nc7 22. Rd6 Rc4 23. Be3 h5 24. b3 Rc2 25. Rc1 Rxc1+ 26. Bxc1 a5 27. Be3 Ra8
28. g4 hxg4 29. hxg4 a4 30. f4 axb3 31. axb3 Ra3 32. Rd3 g6 33. f5 gxf5 34. gxf5
Kg7 35. Kf2 Ra2+ 36. Kf3 Rc2 37. Rd7 Kg8 38. Bg5 Rc6 39. Rd8+ Kg7 40. Ke4 Ra6
41. Rc8 1-0

[Event "Tata Steel India Blitz"]
[Site "Kolkata IND"]
[Date "2018.11.13"]
[Round "4.5"]
[White "Vidit, Santosh Gujrathi"]
[Black "Karjakin, Sergey"]
[Result "1/2-1/2"]
[WhiteTitle "GM"]
[BlackTitle "GM"]
[WhiteElo "2702"]
[BlackElo "2753"]
[WhiteFideId "5029465"]
[BlackFideId "14109603"]
[EventDate "2018.11.13"]

1. d4 Nf6 2. Nf3 d5 3. c4 e6 4. g3 Bb4+ 5. Bd2 Be7 6. Bg2 O-O 7. O-O Nbd7 8. Qc2
c6 9. Rd1 b6 10. Bf4 Ba6 11. cxd5 cxd5 12. Ne5 Nxe5 13. dxe5 Rc8 14. Nc3 Ng4 15.
h3 Nxf2 16. Kxf2 Bc5+ 17. Be3 Bxe3+ 18. Kxe3 b5 19. Qd3 Qb6+ 20. Qd4 Qb8 21. Qb4
Qb6+ 22. Qd4 Qb8 23. Qb4 Qb6+ 24. Qd4 1/2-1/2

[Event "Tata Steel India Blitz"]
[Site "Kolkata IND"]
[Date "2018.11.13"]
[Round "5.1"]
[White "Mamedyarov, Shakhriyar"]
[Black "Nakamura, Hikaru"]
[Result "0-1"]
[WhiteTitle "GM"]
[BlackTitle "GM"]
[WhiteElo "2817"]
[BlackElo "2746"]
[WhiteFideId "13401319"]
[BlackFideId "2016192"]
[EventDate "2018.11.13"]

1. d4 Nf6 2. c4 e6 3. Nf3 d5 4. Bg5 dxc4 5. Nc3 a6 6. a4 c6 7. e3 b5 8. axb5
cxb5 9. Bxf6 gxf6 10. Nxb5 axb5 11. Rxa8 Bb7 12. Ra1 Bb4+ 13. Ke2 O-O 14. Qc2 f5
15. Nd2 Nc6 16. Rd1 Qxd4 17. Nf3 Qf6 18. b3 Bc3 19. Rc1 Bb2 20. bxc4 Nb4 21. Qb3
Bxc1 22. Qxb4 Ra8 23. Nd4 f4 24. Qxb5 fxe3 25. Qxb7 Ra2+ 26. Kd3 Rd2+ 0-1

[Event "Tata Steel India Blitz"]
[Site "Kolkata IND"]
[Date "2018.11.13"]
[Round "5.2"]
[White "Karjakin, Sergey"]
[Black "Praggnanandhaa, R"]
[Result "0-1"]
[WhiteTitle "GM"]
[BlackTitle "GM"]
[WhiteElo "2753"]
[BlackElo "2530"]
[WhiteFideId "14109603"]
[BlackFideId "25059530"]
[EventDate "2018.11.13"]

1. e4 c6 2. Nf3 d5 3. exd5 cxd5 4. d4 Nc6 5. Bb5 a6 6. Bxc6+ bxc6 7. Ne5 Bd7 8.
c4 Nf6 9. Nc3 dxc4 10. O-O e6 11. Qf3 Rc8 12. Bg5 Be7 13. Rad1 O-O 14. Na4 Nd5
15. Bxe7 Qxe7 16. Nc5 Be8 17. Nxc4 f6 18. Qa3 Bf7 19. Rfe1 Ra8 20. h3 Rfe8 21.
Qa4 Qc7 22. Qa5 Qb8 23. Rc1 Qb5 24. Qd2 Rad8 25. Ne4 Qb4 26. Nc5 a5 27. a3 Qxd2
28. Nxd2 Nf4 29. Re4 Rxd4 30. Rxd4 Ne2+ 31. Kf1 Nxd4 32. Ndb3 e5 33. Nxa5 Bd5
34. b4 f5 35. Nc4 e4 36. a4 f4 37. Rc3 Rb8 38. a5 Rxb4 39. Nd2 Rb2 40. Ke1 e3
41. fxe3 fxe3 42. Rxe3 Nc2+ 43. Kf2 Nxe3 44. Kxe3 Rb5 45. Nd3 Rxa5 46. g4 Ra2
47. h4 Ra4 48. Nf4 h6 49. g5 hxg5 50. hxg5 Kf7 51. Nf1 Re4+ 52. Kf3 Re1+ 53. Kf2
Re5 54. g6+ Kf6 55. Ne3 Kg5 56. Nd3 Re8 57. Nb4 Be4 58. Na6 Kxg6 59. Nc5 Bd5 60.
Nd3 Kg5 61. Nb4 Be4 62. Na6 Rf8+ 63. Ke2 Kh4 64. Nc5 Bf3+ 65. Kf2 Bd5+ 66. Kg1
g5 67. Nd7 Rf3 68. Nc2 g4 69. Ne5 Rc3 70. Nd4 Kg5 71. Kf2 g3+ 0-1

[Event "Tata Steel India Blitz"]
[Site "Kolkata IND"]
[Date "2018.11.13"]
[Round "5.4"]
[White "Aronian, Levon"]
[Black "Ganguly, Surya Shekhar"]
[Result "1/2-1/2"]
[WhiteTitle "GM"]
[BlackTitle "GM"]
[WhiteElo "2765"]
[BlackElo "2615"]
[WhiteFideId "13300474"]
[BlackFideId "5002150"]
[EventDate "2018.11.13"]

1. e4 e5 2. Nf3 Nc6 3. Bc4 Nf6 4. d3 Bc5 5. O-O O-O 6. Nc3 h6 7. Ne2 d6 8. Ng3
Na5 9. Bb5 c6 10. Ba4 b5 11. Bb3 Nxb3 12. axb3 Re8 13. Re1 d5 14. exd5 cxd5 15.
Nxe5 Bxf2+ 16. Kxf2 Rxe5 17. Rxe5 Ng4+ 18. Kg1 Nxe5 19. Qe1 Ng4 20. h3 Qb6+ 21.
Kh1 Nf6 22. Bf4 Bd7 23. Be5 Re8 24. Qc3 Rc8 25. Qd2 Re8 26. Qf4 Nh7 27. Qd4 Bxh3
28. Bxg7 Qe6 29. Rf1 Ng5 30. Qh4 Kxg7 31. gxh3 Qxh3+ 32. Qxh3 Nxh3 33. Nf5+ Kg6
34. Nd6 Re2 35. Rxf7 Ng5 36. Rf4 Rxc2 37. Nxb5 Rxb2 38. Nxa7 Rxb3 39. Nc6 Rb2
40. Ne7+ Kg7 41. Nxd5 Rd2 42. d4 Ne6 43. Rg4+ Kf7 44. Rh4 Nxd4 45. Rxh6 Kg7 46.
Rh3 Nf5 47. Ne3 Nxe3 48. Rxe3 1/2-1/2